banner-ar

PERSONAL ADJUSTMENT MARRIAGE AND FAMILY LIVING / (Record no. 12996)

MARC details
000 -الفاتح
حقل البيانات ثابتة الطول 00564nam a2200217Ia 4500
008 - عناصر البيانات ثابتة الطول - معلومات عامة
حقل البيانات ثابتة الطول 140319s9999 xx 000 0 eng d
040 ## - مصدر الفهرسة
وكالة الفهرسة الأصلية GCL /
وكالة النسخ GCL
082 04 - رقم تصنيف ديوى العشرى
رقم التصنيف 306.8
رقم المادة L P
100 1# - المدخل الرئيسى - إسم شخصى
الإسم الشخصى LANDIS, JUDSON T.
245 10 - بيان العنوان
العنوان PERSONAL ADJUSTMENT MARRIAGE AND FAMILY LIVING /
بيان المسئوليه,etc LANDIS, JUDSON T.
700 1# - المدخل الاضافى - اسم شخصى
الإسم الشخصى LANDIS, MARY G.
260 ## - PUBLICATION, DISTRIBUTION, ETC. (IMPRINT)
تاريخ النشر أو التوزيع 1950
300 ## - الوصف المادى
التعداد 392 P
650 04 - المدخل الاضافى بالموضوع-مصطلح موضوعى
مصطلح موضوعي MARRIAGE
650 04 - المدخل الاضافى بالموضوع-مصطلح موضوعى
مصطلح موضوعي CHILDREN
650 04 - المدخل الاضافى بالموضوع-مصطلح موضوعى
مصطلح موضوعي FAMILY
650 04 - المدخل الاضافى بالموضوع-مصطلح موضوعى
مصطلح موضوعي PARENTS
650 04 - المدخل الاضافى بالموضوع-مصطلح موضوعى
مصطلح موضوعي FAMILY INSTITUTIONS
942 ## - عناصر المدخل الإضافي( كوها)
مصدر التصنيف او مخطط الترفيف Dewey Decimal Classification
Koha [default] item type كتاب
260 ## - PUBLICATION, DISTRIBUTION, ETC. (IMPRINT)
-- [S.N] :
-- PRENTICE HALL, INC ،
Holdings
حالة التراجع حالة الفقد حالة تلف ليس للاعارة المكان المؤقت الموقع الحالى تاريخ الاكتساب اجمالي اﻻعارات رقم الطلب الباركود تاريخ اخر مشاهدة تاريخ تفعيل السعر نوع وعاء كوها
        مكتبة القاهرة الكبرى مكتبة القاهرة الكبرى 03/26/2014   306.8\L P 25069 03/26/2014 03/26/2014 كتاب

Powered By

EGPV